000 00489nam a22001577a 4500
003 macl
005 20190820124726.0
008 190820b xxu||||| |||| 00| 0 eng d
040 _cmacl
082 _a891.433/CHO/S
100 _aसन्‍तोष चौबे
_976354
245 _aबीच प्रेम में गॉंधी
260 _aदिल्‍ली
_bअरूणोदय प्रकाशन
_c2017
650 _aकहानी
_976355
942 _2ddc
_cHIN
999 _c60813
_d60813